Statistics for All 30 MLB Baseball Stadiums by Pictures of Unique Features

Click here to take the quiz!

General Stats

  • This quiz has been taken 2,525 times
    (2,155 since last reset)
  • The average score is 25 of 30

Answer Stats

Answer% Correct
Red Sox
95%
Mets
94%
Royals
94%
Cubs
92%
Dodgers
92%
Marlins
92%
Phillies
92%
Cardinals
91%
Brewers
90%
Giants
89%
Orioles
89%
Diamondbacks
88%
Yankees
88%
Angels
87%
Astros
87%
Pirates
87%
Reds
86%
Tigers
85%
Rays
84%
Blue Jays
83%
Athletics
81%
Twins
80%
Padres
78%
White Sox
75%
Mariners
73%
Rangers
73%
Rockies
70%
Braves
69%
Nationals
63%
Guardians
60%

Score Distribution

Percentile by Number Answered

Percent of People with Each Score

Your Score History

You have not taken this quiz since the last reset